000 00561nam a2200181Ia 4500
005 20250508160145.0
008 008 250505s9999 xx 000 0 eng d
037 _aBooks to be hide in OPAC
040 _aFEDL
_beng
_cFEDL
041 _aeng
_2eng
084 _a370.973, UNI/O
_qFEDL
100 _aJarvis C D
_9768003
245 0 _aWork of school children during out-of-school hours
260 _aWashington, USA
_bU.S. Government Printing Office
_c1917
546 _aWeeded out
942 _cHB
_h370.973, UNI/O
999 _c1362286
_d1362286